| 000 | 01368nam0a22003011 4500 | ||
|---|---|---|---|
| 001 | rc\3340797 | ||
| 005 | 20250609182203.0 | ||
| 021 |
_aRU _b[71-82743] |
||
| 035 | _a(NLR Aleph) 007430606 | ||
| 090 |
_a7011542 _c7011542 |
||
| 100 | _a20130115d1971 |||y0rusy50 ca | ||
| 101 | 0 | _arus | |
| 102 | _aRU | ||
| 105 | _aa z |||a| | ||
| 200 | 1 |
_aСлово о дорогах _eПовесть _eРассказ _eОчерки _f[Ил.: С. Центомирский и Ю. Жигалов] |
|
| 210 |
_aМосква _cМоск. рабочий _d1971 |
||
| 215 |
_a247 с. _cил. _d20 |
||
| 327 | 1 | _aСодерж.: Когда опадают листья: Повесть; Ягодка: Рассказ; Очерки: Рассказ о первой любви; Слово о дорогах | |
| 464 | 0 |
_12001#$aКогда опадают листья$eПовесть$aЯгодка$eРассказ$aРассказ о первой любви$eОчерк$aСлово о дорогах$eОчерк _tСлово о дорогах |
|
| 700 | 1 |
_aТитов _bВ. С. _cписатель _f1908- _gВасилий Сергеевич _9212348 _3RU\NLR\AUTH\770212404 |
|
| 702 | 1 |
_aЦентомирский _bС. _4440 |
|
| 702 | 1 |
_aЖигалов _bЮ. _4440 |
|
| 801 | 0 |
_aRU _bNLR _gpsbo |
|
| 801 | 1 |
_aRU _bELAR _2rusmarc |
|
| 852 |
_aNLR _j71-3/7465 |
||
| 942 | _cBOOK | ||
| 980 | _aNB | ||